The noble scholar, jurist, historian


 His Excellency Dr. Abdul Wahhab bin Ibrahim Abu Sulaiman, may Allah have mercy on him.


 He was born in Umm Al-Qura in the year 1356 AH.

رسائل علماء الإسلام في قتال من استباح مكة وقتل الأنام متضمنة لأحكام الخوارج والبغاة وقطاع الطرق / (Record no. 9968)

MARC details
000 -LEADER
fixed length control field 02534cam a22003371i 4500
003 - CONTROL NUMBER IDENTIFIER
control field OSt
005 - DATE AND TIME OF LATEST TRANSACTION
control field 20250716055744.0
008 - FIXED-LENGTH DATA ELEMENTS--GENERAL INFORMATION
fixed length control field 250715s2015 le g b 00010 ara c
020 ## - INTERNATIONAL STANDARD BOOK NUMBER
International Standard Book Number 9786144371732
035 ## - SYSTEM CONTROL NUMBER
System control number 276818
040 ## - CATALOGING SOURCE
Original cataloging agency oqa
Language of cataloging ara
Transcribing agency SA-RiAUC
Description conventions rda
043 ## - GEOGRAPHIC AREA CODE
Geographic area code a-su---
-- ar-----
082 04 - DEWEY DECIMAL CLASSIFICATION NUMBER
Classification number 215.1
Assigning agency SA-RiAUC
090 ## - LOCALLY ASSIGNED LC-TYPE CALL NUMBER (OCLC); LOCAL CALL NUMBER (RLIN)
Classification number (OCLC) (R) ; Classification number, CALL (RLIN) (NR) 215.1
Local cutter number (OCLC) ; Book number/undivided call number, CALL (RLIN) ب هـ و
100 1# - MAIN ENTRY--PERSONAL NAME
Personal name البهوتي، منصور بن يونس بن صلاح الدين،
Dates associated with a name 1000-1051 هجري
Relator term مؤلف.
245 10 - TITLE STATEMENT
Title رسائل علماء الإسلام في قتال من استباح مكة وقتل الأنام متضمنة لأحكام الخوارج والبغاة وقطاع الطرق /
Statement of responsibility, etc. منصور بن يونس بن إدريس البهوتي الحنبلي ؛ دراسة وتحقيق أبي هاشم إبراهيم بن منصور الهاشمي الأمير.
250 ## - EDITION STATEMENT
Edition statement الطبعة الأولى.
264 #1 - PRODUCTION, PUBLICATION, DISTRIBUTION, MANUFACTURE, AND COPYRIGHT NOTICE
Place of production, publication, distribution, manufacture بيروت :
Name of producer, publisher, distributor, manufacturer دار البشائر الإسلامية،
Date of production, publication, distribution, manufacture, or copyright notice 2015
300 ## - PHYSICAL DESCRIPTION
Extent 320 صفحة ؛
Dimensions 24 سم
336 ## - CONTENT TYPE
Content type term نص
Content type code txt
Source rdacontent
Materials specified كتاب
337 ## - MEDIA TYPE
Media type term بدون وسيط
Media type code n
Source rdamedia
338 ## - CARRIER TYPE
Carrier type term مجلد
Carrier type code nc
Source rdacarrier
504 ## - BIBLIOGRAPHY, ETC. NOTE
Bibliography, etc. note يشتمل علي إرجاعات ببليوجرافية.
505 0# - FORMATTED CONTENTS NOTE
Title إعلام الأعلام بقتال من انتهك حرمة البيت الحرام /
-- إنفاذ الأوامر الإلهية بتبصرة العساكر العثمانية وإنقاذ سكان الجزيرة العربية /
-- السيف المجرم لقتال من هتك حرمة الحرم المحرم /
-- قصيدة في حادثة استباحة وقتل أهل البلد الحرام /
Statement of responsibility الفقيه منصور بن يونس بن صلاح الدين-
-- الفقيه حسن بن عمار بن علي الشرنبلالي-
-- الفقيه المفتي نوح بن مصطفى المتوفى سنة 1070 هجري -
-- للأديب يكن الدين محمد المكي كان حيا 1041 هجري
610 27 - SUBJECT ADDED ENTRY--CORPORATE NAME
Corporate name or jurisdiction name as entry element المسجد الحرام
General subdivision فضائل
Source of heading or term aucnm
651 #7 - SUBJECT ADDED ENTRY--GEOGRAPHIC NAME
Geographic name مكة المكرمة
General subdivision فضائل
Source of heading or term aucsh
700 1# - ADDED ENTRY--PERSONAL NAME
Personal name الأمير، أبو هاشم إبراهيم بن منصور الهاشمي
Relator term محقق.
700 12 - ADDED ENTRY--PERSONAL NAME
Relationship information تحقيق لـ (عمل) :
Personal name البهوتي، منصور بن يونس بن صلاح الدين،
Dates associated with a name 1000-1051 هجري.
Title of a work رسائل علماء الإسلام في قتال من استباح مكة وقتل الأنام متضمنة لأحكام الخوارج والبغاة وقطاع الطرق.
942 ## - ADDED ENTRY ELEMENTS (KOHA)
Source of classification or shelving scheme Dewey Decimal Classification
Koha item type Books
Suppress in OPAC No
949 ## - LOCAL PROCESSING INFORMATION (OCLC)
a SA-JeALM
d 250715
u mohamedma123
n 1
Holdings
Withdrawn status Lost status Source of classification or shelving scheme Damaged status Not for loan Home library Current library Date acquired Total checkouts Full call number Barcode Date last seen Price effective from Koha item type
    Dewey Decimal Classification     DR AbdElwahab Library DR AbdElwahab Library 07/16/2025   215.1 ب هـ و 000016157 07/16/2025 07/16/2025 Books